000 00985nam a22003377b 4500
001 00020716
003 DO-SdBPM
005 20250811092451.0
007 ta
008 051216s2005 ag | ||| ||spa
017 _a
_b
020 _a8420469572
035 _a
040 _aDO-SdBPM
_bspa
_cBPMSU
_e rda
082 4 _a863.6
_bM183s 2005
_222
100 1 _aMadrid, Juan
_d1947-
_eautor
245 1 4 _aLos senderos del tigre /
_cJuan Madrid
250 _a2a. ed.
264 _aMadrid :
_bAlfaguara,
_c2005
300 _a217 páginas ;
_c23 cm
336 _atexto
_btxt
_2rdacontent
337 _asin mediación
_bn
_2rdamedia
338 _avolumen
_bnc
_2rdacarrier
490 0 _aAlfaguara atrévete ;
_aSerie roja
586 _aPremio Jaen de Narrativa Infantil y Juvenil
590 _aInventariado,2025/VM
650 7 _aNovela juvenil española
650 7 _a Literatura juvenil española
910 _aVMateo V. Control de calidad. BPMSU
942 _2ddc
_cBK
999 _c10632
_d10632